[Event "Ruhrgebiet Verbandsklasse Gruppe 2 1819"]
[Site "Nordrheinwestfalen"]
[Date "2019.05.05"]
[Round "9.5"]
[White "Ahlich, Mike"]
[Black "Matthies, Jochen"]
[Result "1/2-1/2"]
[WhiteElo "1746"]
[BlackElo "1785"]
[PlyCount "25"]
[EventDate "2018.09.23"]
[EventType "team-tourn"]
[EventRounds "9"]
[EventCountry "GER"]
[SourceTitle "EXT 2022"]
[Source "ChessBase"]
[SourceDate "2021.10.06"]
[SourceVersion "1"]
[SourceVersionDate "2021.10.06"]
[SourceQuality "1"]
[WhiteTeam "Marten Boevinghausen"]
[BlackTeam "Oberhausen SW"]
[WhiteTeamCountry "GER"]
[BlackTeamCountry "GER"]

1. d4 d5 2. c4 c6 3. cxd5 cxd5 4. Nc3 Nf6 5. Nf3 Nc6 6. e3 Bf5 7. Bd3 Bxd3 8. Qxd3 e6 9. 0-0 Bd6 10. a3 0-0 11. Bd2 Rc8 12. Rac1 Re8 13. Nb5 1/2-1/2

[Event "Ruhrgebiet Verbandsklasse Gruppe 2 1819"]
[Site "Nordrheinwestfalen"]
[Date "2019.03.10"]
[Round "7.8"]
[White "Tschendel, Roland"]
[Black "Ahlich, Mike"]
[Result "1-0"]
[WhiteElo "1958"]
[BlackElo "1721"]
[PlyCount "41"]
[EventDate "2018.09.23"]
[EventType "team-tourn"]
[EventRounds "9"]
[EventCountry "GER"]
[SourceTitle "EXT 2022"]
[Source "ChessBase"]
[SourceDate "2021.10.06"]
[SourceVersion "1"]
[SourceVersionDate "2021.10.06"]
[SourceQuality "1"]
[WhiteTeam "Steele/Kray Rochade"]
[BlackTeam "Marten Boevinghausen"]
[WhiteTeamCountry "GER"]
[BlackTeamCountry "GER"]

1. d4 d5 2. c4 e6 3. Nc3 Nf6 4. Bg5 Be7 5. cxd5 Nxd5 6. Bxe7 Nxe7 7. Nf3 0-0 8. e3 Nd7 9. Bc4 Nb6 10. Bb3 Nbd5 11. Rc1 b6 12. 0-0 Ba6 13. Re1 Rc8 14. Nxd5 Nxd5 15. Ne5 c5 16. dxc5 bxc5 17. Bxd5 exd5 18. Qa4 Qe7 19. Nd7 Rfd8 20. Nxc5 Rxc5 21. Rxc5 1-0

[Event "Ruhrgebiet Verbandsklasse Gruppe 2 1819"]
[Site "Nordrheinwestfalen"]
[Date "2019.01.20"]
[Round "5.8"]
[White "Illner, Jan"]
[Black "Ahlich, Mike"]
[Result "1/2-1/2"]
[WhiteElo "1553"]
[BlackElo "1721"]
[PlyCount "35"]
[EventDate "2018.09.23"]
[EventType "team-tourn"]
[EventRounds "9"]
[EventCountry "GER"]
[SourceTitle "EXT 2022"]
[Source "ChessBase"]
[SourceDate "2021.10.06"]
[SourceVersion "1"]
[SourceVersionDate "2021.10.06"]
[SourceQuality "1"]
[WhiteTeam "Bochum SG IV"]
[BlackTeam "Marten Boevinghausen"]
[WhiteTeamCountry "GER"]
[BlackTeamCountry "GER"]

1. e4 e6 2. d4 d5 3. exd5 exd5 4. Nf3 Nf6 5. Bg5 Be7 6. Be2 Bg4 7. Nbd2 0-0 8. c3 Re8 9. 0-0 Nbd7 10. Ne5 Bxe2 11. Qxe2 Ne4 12. Bxe7 Qxe7 13. Nxd7 Qxd7 14. Qd3 Re7 15. Rfe1 Rae8 16. Re3 Qf5 17. Nxe4 dxe4 18. Qc2 1/2-1/2

[Event "NRW Verbandsklasse Group1 1314"]
[Site "Nordrheinwestfalen"]
[Date "2014.01.26"]
[Round "6.8"]
[White "Ahlich, Mike"]
[Black "Deggim, Dietmar"]
[Result "1-0"]
[WhiteElo "1758"]
[BlackElo "1609"]
[PlyCount "33"]
[EventDate "2013.09.08"]
[EventType "team-tourn"]
[EventRounds "9"]
[EventCountry "GER"]
[SourceTitle "EXT 2020"]
[Source "ChessBase"]
[SourceDate "2019.10.17"]
[SourceVersion "1"]
[SourceVersionDate "2019.10.17"]
[SourceQuality "1"]
[WhiteTeam "Marten Boevinghausen"]
[BlackTeam "Eichlinghofen SV II"]
[WhiteTeamCountry "GER"]
[BlackTeamCountry "GER"]

1. d4 e6 2. c4 Nf6 3. Nc3 Bb4 4. Nf3 c5 5. a3 Bxc3+ 6. bxc3 b6 7. Bg5 h6 8. Bh4 d6 9. e3 Nbd7 10. Rb1 Bb7 11. dxc5 Bxf3 12. Qxf3 dxc5 13. Be2 0-0 14. 0-0 Qc7 15. Bg3 e5 16. Rfd1 Ne8 17. Qxa8 1-0

[Event "Ruhrgebiet VK2 1112"]
[Site "Nordrheinwestfalen"]
[Date "2012.03.04"]
[Round "7"]
[White "Ahlich, Mike"]
[Black "Offele, Holger"]
[Result "0-1"]
[WhiteElo "1838"]
[BlackElo "1903"]
[PlyCount "46"]
[EventDate "2012.09.18"]
[EventType "team-tourn"]
[EventRounds "9"]
[EventCountry "GER"]
[SourceTitle "EXT 2020"]
[Source "ChessBase"]
[SourceDate "2019.10.17"]
[SourceVersion "1"]
[SourceVersionDate "2019.10.17"]
[SourceQuality "1"]
[WhiteTeam "Marten Boevinghausen"]
[BlackTeam "Ahlen SV II"]
[WhiteTeamCountry "GER"]
[BlackTeamCountry "GER"]

1. d4 g6 2. c4 Bg7 3. Nc3 d6 4. e4 Nd7 5. f4 e6 6. Nf3 Ne7 7. Be2 b6 8. 0-0 Bb7 9. Be3 h6 10. Qd2 Nf6 11. d5 Ng4 12. dxe6 fxe6 13. Nd4 Nxe3 14. Nxe6 Nxf1 15. Rxf1 Qd7 16. Nxg7+ Kf7 17. f5 Kxg7 18. f6+ Kh7 19. fxe7 Qxe7 20. Bf3 Rhf8 21. Qd3 Qe5 22. Nb5 a6 23. Nxc7 Qc5+ 0-1

[Event "Ruhrgebiet VK2 1112"]
[Site "Nordrheinwestfalen"]
[Date "2011.09.18"]
[Round "1.4"]
[White "Uhlich, Wilfried"]
[Black "Ahlich, Mike"]
[Result "1-0"]
[WhiteElo "1858"]
[BlackElo "1838"]
[PlyCount "69"]
[EventDate "2012.09.18"]
[EventType "team-tourn"]
[EventRounds "9"]
[EventCountry "GER"]
[SourceTitle "EXT 2020"]
[Source "ChessBase"]
[SourceDate "2019.10.17"]
[SourceVersion "1"]
[SourceVersionDate "2019.10.17"]
[SourceQuality "1"]
[WhiteTeam "Drewer SG"]
[BlackTeam "Marten Boevinghausen"]
[WhiteTeamCountry "GER"]
[BlackTeamCountry "GER"]

1. d4 d5 2. c4 e6 3. cxd5 exd5 4. Nc3 Nf6 5. Bg5 Be7 6. e3 0-0 7. Bd3 Nc6 8. Rc1 Ng4 9. Bxe7 Nxe7 10. Qc2 c6 11. Bxh7+ Kh8 12. Bd3 f5 13. Nf3 f4 14. h3 Nh6 15. e4 dxe4 16. Bxe4 Nef5 17. Rd1 Nh4 18. 0-0 Nxf3+ 19. Bxf3 Qg5 20. Kh2 Bf5 21. Qc1 Rae8 22. Rfe1 Qh4 23. Qd2 Bg4 24. Bxg4 Nxg4+ 25. Kg1 Rxe1+ 26. Rxe1 Nh6 27. Re4 Qf6 28. f3 g5 29. d5 Nf5 30. Re6 Qd8 31. d6 Kg7 32. Ne4 Ng3 33. Qc3+ Kg8 34. Rg6+ Kf7 35. Qg7+ 1-0

[Event "Ruhrgebiet VK3 0001"]
[Site "Ruhrgebiet"]
[Date "2001.05.13"]
[Round "9"]
[White "Ahlich, Mike"]
[Black "Frombach, Ralf"]
[Result "0-1"]
[WhiteElo "1797"]
[BlackElo "2011"]
[PlyCount "82"]
[EventDate "2000.09.17"]
[EventType "team-tourn"]
[EventRounds "9"]
[EventCountry "GER"]
[SourceTitle "EXT 2023"]
[Source "ChessBase"]
[SourceDate "2022.10.05"]
[SourceVersion "1"]
[SourceVersionDate "2022.10.05"]
[SourceQuality "1"]
[WhiteTeam "Marten Boevinghausen"]
[BlackTeam "Werne SK"]
[WhiteTeamCountry "GER"]
[BlackTeamCountry "GER"]

1. d4 d5 2. c4 c6 3. cxd5 cxd5 4. Nc3 Nf6 5. Nf3 Nc6 6. Bg5 Ne4 7. e3 Nxg5 8. Nxg5 e5 9. Nf3 e4 10. Nd2 Be6 11. a3 f5 12. Rc1 Bd6 13. Nb5 0-0 14. Nxd6 Qxd6 15. g3 Rac8 16. Be2 g5 17. f4 exf3 18. Bxf3 f4 19. Nf1 fxe3 20. Nxe3 Nxd4 21. Rxc8 Nxf3+ 22. Qxf3 Rxc8 23. 0-0 Rf8 24. Qh5 Rxf1+ 25. Kxf1 Qe5 26. Qe8+ Kg7 27. Qe7+ Kg6 28. Qe8+ Kh6 29. Qf8+ Qg7 30. Qd6 Qf6+ 31. Ke1 Kg6 32. b4 Bf7 33. Qc5 Qa1+ 34. Kd2 Qb2+ 35. Ke1 b6 36. Qd6+ Qf6 37. Qc7 Qe6 38. Qc2+ Kh6 39. Kd2 Bg6 40. Qc3 Qe4 41. Qf6 Qd3+ 0-1

[Event "Ruhrgebiet VK3 0001"]
[Site "Ruhrgebiet"]
[Date "2001.02.18"]
[Round "8"]
[White "Iounoussov, Maksim"]
[Black "Ahlich, Mike"]
[Result "1-0"]
[WhiteElo "1888"]
[BlackElo "1797"]
[PlyCount "21"]
[EventDate "2000.09.17"]
[EventType "team-tourn"]
[EventRounds "9"]
[EventCountry "GER"]
[SourceTitle "EXT 2023"]
[Source "ChessBase"]
[SourceDate "2022.10.05"]
[SourceVersion "1"]
[SourceVersionDate "2022.10.05"]
[SourceQuality "1"]
[WhiteTeam "Bochum SG III"]
[BlackTeam "Marten Boevinghausen"]
[WhiteTeamCountry "GER"]
[BlackTeamCountry "GER"]

1. e4 e6 2. Nf3 d5 3. Nc3 dxe4 4. Nxe4 Nf6 5. Nxf6+ Qxf6 6. d4 h6 7. Bd3 Bd6 8. Qe2 0-0 9. Qe4 Qf5 10. Qh4 Qf6 11. Bg5 1-0